Tourism in Uttarakhand / (Record no. 208673)
[ view plain ]
| 000 -LEADER | |
|---|---|
| fixed length control field | 00509nam a2200169 4500 |
| 010 ## - LCCN (DPL NO) | |
| LC control number | ENG-143457 |
| 020 ## - INTERNATIONAL STANDARD BOOK NUMBER | |
| International Standard Book Number | 9789391109974 |
| Terms of availability | 995.00 |
| 035 ## - SYSTEM CONTROL NUMBER | |
| System control number | EN-126989 |
| 037 ## - SOURCE OF ACQUISITION | |
| Source of stock number/acquisition | DBAD |
| 082 ## - DEWEY DECIMAL CLASSIFICATION NUMBER | |
| Classification number | 910.41 |
| 100 ## - MAIN ENTRY--PERSONAL NAME | |
| Personal name | Phool Kumar |
| 245 ## - TITLE STATEMENT | |
| Title | Tourism in Uttarakhand / |
| Statement of responsibility, etc | by Phool Kumar |
| 260 ## - PUBLICATION, DISTRIBUTION, ETC. (IMPRINT) | |
| Place of publication, distribution, etc | New Delhi |
| Name of publisher, distributor, etc | The Readers Paradise |
| Date of publication, distribution, etc | 2021 |
| 270 ## - ADDRESS | |
| City | New Delhi |
| Address | 103,4787/23, Ansari Road Darya Ganj, |
| Postal code | 110002 |
| 300 ## - PHYSICAL DESCRIPTION | |
| Extent | 349p.: |
| Dimensions | 24cm(Hb) |
| Other physical details | illus. |
| 942 ## - ADDED ENTRY ELEMENTS (KOHA) | |
| Source of classification or shelving scheme | Dewey Decimal Classification |
| Item type | English Books |
| Classification part | 910.41 |
| Call number suffix | PHO |
| Withdrawn status | Lost status | Not for loan | Collection code | Home library | Current library | Date acquired | Source of acquisition | Cost, normal purchase price | Full call number | Barcode | Copy number | Cost, replacement price | Koha item type |
|---|---|---|---|---|---|---|---|---|---|---|---|---|---|
| Non-fiction | Ashok Vihar | Ashok Vihar | 22/01/2025 | DBAD | 995.00 | 910.41 PHO | EN-126989 | 1 | 995.00 | English Books |
